[Event "Pan American-ch School U15 Girls 12th"]
[Site "Callao"]
[Date "2023.10.19"]
[Round "6"]
[White "Tacas Cardenas, Pamela Natividad"]
[Black "Acuna Alarcon, Claudia Micaela"]
[Result "1/2-1/2"]
[WhiteElo "1366"]
[BlackElo "1496"]
[PlyCount "81"]
[EventDate "2023.10.16"]
[EventType "swiss"]
[EventRounds "9"]
[EventCountry "PER"]
[SourceTitle "Mega2024 Update 01"]
[Source "Chessbase"]
[SourceDate "2023.11.12"]
[SourceVersion "1"]
[SourceVersionDate "2023.11.12"]
[SourceQuality "1"]

1. d4 d5 2. c4 e6 3. Nf3 Nf6 4. Bg5 dxc4 5. Nc3 c5 6. d5 Be7 7. e4 Nxd5 8. Bxe7 Nxe7 9. Qxd8+ Kxd8 10. Ng5 Kc7 11. Nxf7 Rf8 12. Ne5 a6 13. a4 Nbc6 14. Nxc6 Nxc6 15. Bxc4 Nd4 16. 0-0 Bd7 17. Ne2 e5 18. Nc3 b5 19. Bd5 Bc6 20. f3 b4 21. Bxc6 Kxc6 22. Nd5 a5 23. Kf2 Rad8 24. Ne7+ Kd6 25. Nd5 g5 26. h3 h5 27. Ne3 Ke6 28. Rad1 Rc8 29. Nc4 Ra8 30. Rd3 b3 31. Rc1 Rfb8 32. Ne3 Kd6 33. Nc4+ Ke6 34. Nxe5 Nc2 35. Nc4 Rb4 36. Ne3 c4 37. Rc3 Nxe3 38. Kxe3 Rc8 39. Kd4 Rd8+ 40. Ke3 Rc8 41. Ra1 1/2-1/2

[Event "Pan American-ch School U15 Girls 12th"]
[Site "Callao"]
[Date "2023.10.17"]
[Round "4"]
[White "Arenas Lavado, Luciana Andrea"]
[Black "Acuna Alarcon, Claudia Micaela"]
[Result "1/2-1/2"]
[WhiteElo "1568"]
[BlackElo "1496"]
[PlyCount "45"]
[EventDate "2023.10.16"]
[EventType "swiss"]
[EventRounds "9"]
[EventCountry "PER"]
[SourceTitle "Mega2024 Update 01"]
[Source "Chessbase"]
[SourceDate "2023.11.12"]
[SourceVersion "1"]
[SourceVersionDate "2023.11.12"]
[SourceQuality "1"]

1. e4 c5 2. Nf3 d6 3. c3 Nf6 4. h3 Nc6 5. Bd3 g6 6. 0-0 Bg7 7. Bc2 0-0 8. d4 cxd4 9. cxd4 e5 10. d5 Nb4 11. Bb3 b6 12. Re1 Ba6 13. Bc2 Qc7 14. Nc3 Nd7 15. a3 Nxc2 16. Qxc2 Nc5 17. Be3 f5 18. Bxc5 bxc5 19. Nd2 Rac8 20. b3 Bh6 21. Nc4 Rf6 22. Rab1 Rb8 23. Rb2 1/2-1/2

[Event "South America-ch U12 Girls 17th"]
[Site "Guayaquil"]
[Date "2022.01.26"]
[Round "2"]
[White "Maravi Ceron, Ayme Jacqueline"]
[Black "Acuna Alarcon, Claudia Micaela"]
[Result "1/2-1/2"]
[WhiteElo "1131"]
[BlackElo "1206"]
[PlyCount "60"]
[EventDate "2022.01.25"]
[EventType "swiss"]
[EventRounds "9"]
[EventCountry "ECU"]
[SourceTitle "CBM 206 Extra"]
[Source "ChessBase"]
[SourceDate "2022.03.31"]
[SourceVersion "1"]
[SourceVersionDate "2022.03.31"]
[SourceQuality "1"]

1. e4 c5 2. Nf3 Nc6 3. d4 cxd4 4. Nxd4 g6 5. c4 Bg7 6. Be3 Nf6 7. Nc3 d6 8. Be2 Bd7 9. 0-0 0-0 10. f3 Re8 11. Qd2 Ne5 12. b3 Rc8 13. h3 Nc6 14. f4 Qa5 15. Rad1 a6 16. Bf3 Rf8 17. g4 Qd8 18. f5 Ne5 19. Bh6 Bc6 20. Nxc6 bxc6 21. Bxg7 Kxg7 22. g5 Nxf3+ 23. Rxf3 Nh5 24. Qd4+ f6 25. fxg6 hxg6 26. Rdf1 Rb8 27. gxf6+ Rxf6 28. e5 dxe5 29. Qxe5 Qd6 30. Qxd6 exd6 1/2-1/2